Principles of metal casting (Record no. 9430)

MARC details
000 -LEADER
fixed length control field 01062nac a22002771u 4500
010 ## - LIBRARY OF CONGRESS CONTROL NUMBER
LC control number 66029476
020 ## - INTERNATIONAL STANDARD BOOK NUMBER
International Standard Book Number 0070993483
082 00 - DEWEY DECIMAL CLASSIFICATION NUMBER
Classification number 671.25
Item number HEI
090 ## - LOCALLY ASSIGNED LC-TYPE CALL NUMBER (OCLC); LOCAL CALL NUMBER (OCLC)
-- 985
-- 985
100 ## - MAIN ENTRY--PERSONAL NAME
Personal name Heine, Richard W.
245 10 - TITLE STATEMENT
Title Principles of metal casting
Statement of responsibility, etc [by] Richard W. Heine, Carl R. Loper, Jr. [and] Philip C. Rosenthal.
250 ## - EDITION STATEMENT
Edition statement 2nd ed.
260 ## - PUBLICATION, DISTRIBUTION, ETC. (IMPRINT)
Place of publication, distribution, etc New Delhi :
Name of publisher, distributor, etc Tata McGraw-Hill Pub. Co.,[c1967]
Date of publication, distribution, etc [c1967]
300 ## - PHYSICAL DESCRIPTION
Extent 736 p.:
Other physical details ill.;
Dimensions 23 cm.
500 ## - GENERAL NOTE
General note Reprint of the 1955 ed.
504 ## - BIBLIOGRAPHY, ETC. NOTE
Bibliography, etc Includes bibliographies.
511 ## - PARTICIPANT OR PERFORMER NOTE
Participant or performer note Catalogued by: wessam
650 #0 - SUBJECT ADDED ENTRY--TOPICAL TERM
Topical term or geographic name as entry element Founding.
650 #0 - SUBJECT ADDED ENTRY--TOPICAL TERM
Topical term or geographic name as entry element Metal castings.
700 1# - ADDED ENTRY--PERSONAL NAME
Personal name Loper, Carl R.,
700 1# - ADDED ENTRY--PERSONAL NAME
Personal name Rosenthal, Philip C.,
942 ## - ADDED ENTRY ELEMENTS (KOHA)
Item type Book - Borrowing
Call number prefix 671.25HEI
Holdings
Withdrawn status Item status Source of classification or shelving scheme Damaged status Not for loan Home library Current library Shelving location Date acquired Source of acquisition Cost, normal purchase price Total Checkouts Total Renewals Full call number Barcode Date last seen Date last borrowed Cost, replacement price Koha item type
  Lost and Paid For Dewey Decimal Classification     Central Library Central Library First floor 06/08/2015 Purchase 330.00 6 42 671.25HEI 000003532 16/02/2019 16/02/2019 412.00 Book - Borrowing
          Central Library Central Library First floor 06/08/2015 Purchase   1   671.25HEI 000003531 15/07/2025 21/04/2011   Book - Borrowing
          Central Library Central Library First floor 08/05/2011 Purchase       671.25HEI 000011467 15/07/2025     NB - Book (Non borrowing)
          Central Library Central Library First floor 11/05/2008 Purchase       671.25HEI 000013417 15/07/2025     Book - Borrowing